skbl

Dr Suryya Kumar Bhuyan Library Web-OPAC
ডঃ সূৰ্য্য
কুমাৰ ভূঞা পুথিভঁৰাল ৱেব-অ'পেক

All Research Scholars are advised to clear the annual library fees to continue using Library Resources, Remote Access, Plagiarism Test and Library Clearance.

Cotton University Book Fair 2026

Introduction to Geomorphology / (Record no. 3157)

MARC details
000 -LEADER
fixed length control field 00504nam a2200181Ia 4500
001 - CONTROL NUMBER
control field 3169
008 - FIXED-LENGTH DATA ELEMENTS--GENERAL INFORMATION
fixed length control field 170216s2001 ii g b000 u 465 u
020 ## - INTERNATIONAL STANDARD BOOK NUMBER
International Standard Book Number 81-250-1877-8
082 ## - DEWEY DECIMAL CLASSIFICATION NUMBER
Classification number 910.02
100 ## - MAIN ENTRY--PERSONAL NAME
Personal name Kale, Vishwas S .,
Relator term Author.
245 #0 - TITLE STATEMENT
Title Introduction to Geomorphology /
Statement of responsibility, etc. Vishwas S Kale, Avijit Gupta.
Medium Textual Documents
250 ## - EDITION STATEMENT
Edition statement 1st, /
260 ## - PUBLICATION, DISTRIBUTION, ETC.
Place of publication, distribution, etc. A P (India) :
Name of publisher, distributor, etc. Orient Longman ,
Date of publication, distribution, etc. 2001.
300 ## - PHYSICAL DESCRIPTION
Extent 274p. ;
Dimensions 24 cm.
504 ## - BIBLIOGRAPHY, ETC. NOTE
Bibliography, etc. note Index
653 ## - INDEX TERM--UNCONTROLLED
Uncontrolled term Geomorphology
942 ## - ADDED ENTRY ELEMENTS (KOHA)
Source of classification or shelving scheme Dewey Decimal Classification
Koha item type Books
Holdings
Withdrawn status Lost status Damaged status Not for loan Home library Current library Date acquired Coded location qualifier Total checkouts Full call number Barcode Date last seen Copy number Price effective from Koha item type
        Dr. Suryya Kumar Bhuyan Library Dr. Suryya Kumar Bhuyan Library 01/02/2012 00000   910.02 Ka 124 In 504/Geog 13/01/2024 1 01/02/2012 Books

Designed and Maintained by Team SKBL
©1901-2026

Powered by Koha